Membongkar sejarah pemerintahan Islam di alam Melayu

Bibliographic Details
Main Author: Abdul Rahman Hj. Abdullah Dr
Format: Book
Published: Petaling Jaya : Hijjaz Records Publishing , 2019
Subjects:

MARC

LEADER 00000cam a2200000 7i4500
001 0000279290
005 20210401113741.0
020 |a 9789672278023 
090 0 0 |a 297.272   |b ABD 
100 0 |a Abdul Rahman Hj. Abdullah   |c Dr. 
245 1 0 |a Membongkar sejarah pemerintahan Islam di alam Melayu   |c Dr. Abdul Rahman Hj. Abdullah 
260 |a Petaling Jaya :   |b Hijjaz Records Publishing ,   |c 2019 
300 |a 391p. ;   |c 21cm. 
650 0 |a Islam and politics   |x History 
650 0 |a Islam and state 
999 |a 00386765   |b BUKU   |c PINJAMAN   |e PERPUSTAKAAN KOMUNITI PETALING JAYA